| 000 | 01674cam a2200361 a 4500 | ||
|---|---|---|---|
| 001 | 59934 | ||
| 003 | CO-BoRNBP | ||
| 005 | 20251112153102.0 | ||
| 007 | ta | ||
| 008 | 210809s2020 ck ao gr 000 0 spa | ||
| 020 | _a9789583202995 (Colombia) | ||
| 040 |
_aCO-BoBN _bspa _cCO-BoBN |
||
| 041 | 1 |
_aspa _heng |
|
| 082 | 0 | 4 |
_a741.56028 _223 |
| 100 | 1 |
_aLee, Stan, _d1922-2018 _967231 |
|
| 245 | 1 | 0 |
_aAprende a dibujar cómic con Stan Lee : _bdel legendario co-creador de Spiderman, Hulk, X-Men y Iron Man / _c[escritor colaborador, David Campiti ; dirección, Darío Arca ; traducción, Angel Mirou] |
| 250 | _a1a. edición | ||
| 300 |
_a109 p. : _bil., fot. (algunos col.) ; _c26 cm |
||
| 336 |
_2rdacontent _atexto _btxt |
||
| 337 |
_2rdamedia _asin mediación _bn |
||
| 338 |
_2rdacarrier _avolumen _bnc |
||
| 490 | 0 | _aPlan Nacional de Lectura y Escritura Leer es mi Cuento / Ministerio de Educación | |
| 500 | _a"Edición para el Ministerio de Educación Nacional, Plan Nacional de Lectura y Escritura - Leer es mi Cuento, 2020" | ||
| 500 | _a"Incluye el trabajo de artistas de la talla de: Jack Kirby, John Romita Sr; Neal Adams, Gil Kane o Frank Cho"--Cubierta | ||
| 534 | _tStan Lee's how to draw comics : from the legendary co-creator of Spider-man, The incredible Hulk, fantastic four, X-Men and Iron Man | ||
| 650 | 1 | 4 |
_aTiras cómicas, historietas, etc. _xTécnica _2LEMB _967232 |
| 650 | 2 | 4 |
_aPersonajes de tiras cómicas _vDibujos _2LEMB _967233 |
| 700 | 1 |
_aCampiti, David _967234 |
|
| 700 | 1 |
_aArca, Darío, _edirector _967235 |
|
| 700 | 1 |
_aMirou, Angel, _etraductor _967236 |
|
| 942 |
_2ddc _cBK |
||
| 990 |
_a2021-7266 _bEditorial Océano de Colombia S.A.S. |
||
| 999 |
_c59934 _d59934 |
||